Nouvelle interdiction des voyages de Donald Trump - Statistiques

Statistiques générales
  • Ce quiz a été pris 100 fois
  • Le résultat moyen est 4 sur 8
Statistiques - réponses
Répondre % Correct
Iran
87%
Syrie
78%
Corée du Nord
65%
Yémen
53%
Somalie
44%
Libye
43%
Venezuela
31%
Tchad
21%
Aucun quiz correspondant
Distribution des résultats
% des personnes avec chaque résultat
Percentile par nombre de réponses
Votre historique - résultats
Vous n’avez pas pris ce quiz